00827nam a2200229Ia 4500003000900000008004100009020001800050040001600068080001200084245013200096250001200228260004600240300001400286650004100300650001600341700003400357700003100391700003400422942000700456999001700463952011700480IN-BaIIA211028s9999 xx 000 0 eng d a81-85015-63-5 cIIA Library a53bSEA 0aUniversity physicscedited by Francis W. Sears, Mark W. Zemansky and Hugh D. Young  a6th ed. aNew Delhi,bNarosa Publishing Housec1993 axv, 929p. aAstronomy and astrophysics thesaurus aPhysics973 aSears, Francis W., ed.918743 aYoung, Hugh D., ed.918744 aZemansky, Mark W., ed.918745 cBK c10970d10970 00104070aBANbBANcGENd1994-03-18g210.00l0o53/ SEAp11883r2021-11-05v210.00w1994-03-18yBKGRs. 210.00